| 000 | 01102nam0a22002651 4500 | ||
|---|---|---|---|
| 001 | v19\rc\1760437 | ||
| 005 | 20260406010446.0 | ||
| 035 | _a(NLR Aleph) 005249328 | ||
| 090 |
_a5787245 _c5787245 |
||
| 100 | _a20061204d1903 |||y0rusy50 ca | ||
| 101 | 0 | _arus | |
| 102 | _aRU | ||
| 105 | _aa j ||||| | ||
| 200 | 1 |
_aТеоретическая механика _eЛекции, чит. в Электротехн. ин-те имп. Александра III проф. Н.Л. Кирпичевым. 2 курс _fЭлектротехн. ин-т имп. Александра III |
|
| 210 |
_aСанкт-Петербург _cтипо-лит. И. Трофимова _d1903 |
||
| 215 |
_a178 с. _cчерт. _d30 |
||
| 309 | _aНаписано от руки. Литогр. | ||
| 700 | 1 |
_8rus _7ca _aКирпичев _bН. Л. _f1850-1927 _gНил Львович _3RU\NLR\AUTH\77115926 _998851 |
|
| 801 | 0 |
_aRU _bNLR _c20061204 _gpsbo |
|
| 801 | 0 |
_aRU _bRuMoRGB _c20061204 _2psbo |
|
| 801 | 1 |
_aRU _bProSoft-M _c20061204 _2rusmarc |
|
| 801 | 2 |
_aRU _bNLR _c20121106 _2rusmarc |
|
| 852 |
_aNLR _j38.35.1.7 |
||
| 942 | _cBOOK | ||
| 980 | _aNB | ||